| 000 | 00652nam a2200229 a 4500 | ||
|---|---|---|---|
| 001 | 43771 | ||
| 003 | BD-RjUL | ||
| 005 | 20211209053742.0 | ||
| 008 | 160627s1967 pk 000 0 eng | ||
| 035 | _a(BD-RjUL)43889 | ||
| 040 |
_aDLC _cDLC _dDLC _beng |
||
| 041 | _aeng | ||
| 082 |
_a331.2160954 _bSHP 1967 |
||
| 100 |
_aShafi, M. _9134534 |
||
| 245 | 1 | 4 |
_aThe payment of wages act, 1936 with commentary / _cM. Shafi |
| 250 | _a1967 ed. : rev. up-to-date | ||
| 260 |
_aKarachi : _bBureau of labour, _c1967 |
||
| 300 |
_a32 p. ; _c23 cm. |
||
| 650 |
_aWage Payment System _zIndia _9134535 |
||
| 942 |
_2ddc _cBK |
||
| 999 |
_c43771 _d43771 |
||